| 000 | 00597nam a2200157Ia 4500 | ||
|---|---|---|---|
| 008 | 151213s9999 xx 000 0 und d | ||
| 100 | _aমুহাম্মদ বদরুল হুদা। | ||
| 245 |
_aহুমায়ন কবির রচনাবলী। _cমুহাম্মদ বদরুল হুদা। |
||
| 250 | _a১ম সং | ||
| 260 |
_aঢাকা _bবাংলা একাডেমী॥ _c1985 |
||
| 300 | _a4504 p. | ||
| 650 | _aBangla | ||
| 650 | _aকুবিতা | ||
| 700 | _aমুহাম্মদ বদরুল হুদা। | ||
| 999 |
_c2879 _d2879 |
||